00942nam a2200241Ia 4500020001000000082002700010100002400037245004900061260004100110300001000151526003700161526003700198526003700235650003200272650002800304650001300332650003200345942001200377999001900389952009500408952009500503952010200598 a(pbk) a297.72bGULcL-30,P-85 aGulzar Ahmed937486 aThe Battles of the Prophet of Allah (S.A.W.) aLahore:bIslamic Publications,c1986 a330p. a0b0c0d297_720000000000000_GUL a0b0c0d297_720000000000000_GUL a0b0c0d297_720000000000000_GUL aBadr- Battle of- 624937487 aIslam -- History937202 aMCE9379 aUhud- Battle of- 625937488 2ddccBK c542355d542355 00102ddc4070aMCEbMCEd2013-11-11l0o297.72 GULpMCE-9713r2013-11-11w2013-11-11yBK 00102ddc4070aMCEbMCEd2013-11-11l0o297.72 GULpMCE-9714r2013-11-11w2013-11-11yBK 00102ddc4070aMCEbMCEd2013-11-18l0o297.72 GULpMCE-8913r2013-11-18w2013-11-18yBKzVol-1